000
00332nam a22001337a 4500
003
MPLRDC
005
20220104184653.0
008
210129b ||||| |||| 00| 0 eng d
082
_a
DISC
100
_a
周淑屏
245
_a
相约世上的另一个我--1 DISC
_c
650
_a
中国文学--长篇(小说)
942
_c
CDA
_o
DISC
999
_c
62969
_d
62959